000 00841cam a22002651 4500
001 sa 66008133
003 DLC
005 20260227112310.0
008 800324s1966 ii a b 000 0 eng
010 _asa 66008133
025 _aPL480:I-E-7033
035 _a(OCoLC)6122018
040 _aDLC
_cNBuU
_dDLC
042 _apremarc
050 0 0 _aHD9710.I42
_bH5
082 _a338.4762920954
110 2 _aHindustan Motors Ltd.
_bDepartment of Economic and Market Research.
245 1 4 _aThe automobile industry in India;
_ba study.
260 _aCalcutta
_c[1967]
300 _a102 p.
_billus.
_c24 cm.
500 _a"Prepared by Dr. N. Das ... in collaboration with Mr. Tapan Piplai and Dr. M. K. Raina."
504 _aBibliography: p. 101-102.
650 0 _aAutomobile industry and trade
_zIndia.
700 1 _aDas, Nabagopal,
_d1910-
999 _c71669
_d71669